[Event "Belgrade ChessAmateur op 5th"]
[Site "Belgrade"]
[Date "2019.01.06"]
[Round "5"]
[White "Pavlasevic, Dragisa"]
[Black "Srdanovic, Jovana"]
[Result "0-1"]
[WhiteElo "1892"]
[BlackElo "2157"]
[PlyCount "64"]
[EventDate "2019.01.04"]
[EventType "swiss"]
[EventRounds "9"]
[EventCountry "SRB"]
[SourceTitle "CBM 188 Extra"]
[Source "ChessBase"]
[SourceDate "2019.02.28"]
[SourceVersion "1"]
[SourceVersionDate "2019.02.28"]
[SourceQuality "1"]

1. e4 c5 2. Nf3 e6 3. d4 cxd4 4. Nxd4 a6 5. c4 Nf6 6. Nc3 d6 7. Bd3 Be7 8. 0-0 Qc7 9. Be3 Nbd7 10. f4 b6 11. b4 h5 12. Rc1 g6 13. e5 Ng4 14. Nxe6 fxe6 15. Bxg6+ Kd8 16. exd6 Qxd6 17. Bd4 e5 18. fxe5 Qxg6 19. Nd5 Ngxe5 20. Bxe5 Nxe5 21. Nf4+ Qd6 22. Qe2 Bg4 23. Qe4 Nc6 24. h3 Qd4+ 25. Qxd4+ Nxd4 26. hxg4 Kc8 27. gxh5 Bxb4 28. Rcd1 Nf5 29. Rf3 Bc5+ 30. Kh2 Ra7 31. g4 Ne3 32. Rg1 Rf7 0-1

[Event "Belgrade ChessAmateur op 5th"]
[Site "Belgrade"]
[Date "2019.01.04"]
[Round "1"]
[White "Pavlasevic, Dragisa"]
[Black "Popovic, Aleksandar M"]
[Result "0-1"]
[WhiteElo "1892"]
[BlackElo "2238"]
[PlyCount "22"]
[EventDate "2019.01.04"]
[EventType "swiss"]
[EventRounds "9"]
[EventCountry "SRB"]
[SourceTitle "CBM 188 Extra"]
[Source "ChessBase"]
[SourceDate "2019.02.28"]
[SourceVersion "1"]
[SourceVersionDate "2019.02.28"]
[SourceQuality "1"]

1. e4 g6 2. d4 Bg7 3. Nc3 d6 4. Be3 a6 5. Qd2 b5 6. Bd3 Nd7 7. f4 Bb7 8. e5 c5 9. exd6 cxd4 10. dxe7 Qxe7 11. 0-0-0 dxe3 0-1

[Event "Belgrade Trophy 32nd"]
[Site "Belgrade"]
[Date "2018.12.02"]
[Round "9"]
[White "Jovanovic, Dejan R"]
[Black "Pavlasevic, Dragisa"]
[Result "1-0"]
[WhiteElo "2065"]
[BlackElo "1869"]
[PlyCount "61"]
[EventDate "2018.11.24"]
[EventType "swiss"]
[EventRounds "9"]
[EventCountry "SRB"]
[SourceTitle "CBM 187 Extra"]
[Source "ChessBase"]
[SourceDate "2018.11.04"]
[SourceVersion "1"]
[SourceVersionDate "2018.11.04"]
[SourceQuality "1"]

1. d4 e6 2. Nf3 f5 3. Bf4 Nf6 4. h3 Bb4+ 5. c3 Be7 6. e3 b6 7. Nbd2 Bb7 8. Be2 0-0 9. 0-0 d6 10. Bh2 Ne4 11. Nxe4 fxe4 12. Nd2 Qe8 13. c4 Bg5 14. c5 Qe7 15. cxd6 cxd6 16. Rc1 Na6 17. Nxe4 Bxe4 18. Bxa6 Rxf2 19. Rxf2 Bxe3 20. Rc8+ Rxc8 21. Bxc8 Bxf2+ 22. Kxf2 Bd5 23. Ba6 Qg5 24. Bf1 Qh4+ 25. Kg1 Qe4 26. Qd3 Qe1 27. a3 Qc1 28. Qe2 b5 29. Bxd6 Bc4 30. Qf2 h6 31. Bb4 1-0

[Event "Belgrade Trophy 32nd"]
[Site "Belgrade"]
[Date "2018.11.25"]
[Round "2"]
[White "Pavlasevic, Dragisa"]
[Black "Aleksic, Neven"]
[Result "1/2-1/2"]
[WhiteElo "1869"]
[BlackElo "2180"]
[PlyCount "93"]
[EventDate "2018.11.24"]
[EventType "swiss"]
[EventRounds "9"]
[EventCountry "SRB"]
[SourceTitle "CBM 187 Extra"]
[Source "ChessBase"]
[SourceDate "2018.11.04"]
[SourceVersion "1"]
[SourceVersionDate "2018.11.04"]
[SourceQuality "1"]

1. e4 e5 2. Nf3 Nc6 3. Bc4 Bc5 4. 0-0 Nf6 5. d4 Bxd4 6. Nxd4 Nxd4 7. f4 d6 8. fxe5 dxe5 9. Bg5 Qe7 10. Bxf6 gxf6 11. c3 Ne6 12. Bxe6 Bxe6 13. Qf3 0-0-0 14. Na3 Qc5+ 15. Qf2 Qxf2+ 16. Rxf2 Rhg8 17. Rxf6 Rg5 18. Re1 Rd2 19. Rf2 Rxf2 20. Kxf2 Bxa2 21. c4 Bb3 22. Re3 Rf5+ 23. Ke2 Ba4 24. Nb1 Bd7 25. h3 Rf6 26. Nd2 Rg6 27. Kf2 Be6 28. Ra3 a6 29. c5 Kd7 30. b4 Kc6 31. Ra5 f6 32. g4 h5 33. gxh5 Rg5 34. h4 Rg4 35. Ra3 Rxh4 36. Rf3 Rh2+ 37. Ke3 Bg4 38. Rxf6+ Kb5 39. Rf7 Kxb4 40. Rxc7 Kc3 41. Nb1+ Kc4 42. Nd2+ Kc3 43. Nb1+ Kb4 44. Rxb7+ Kc4 45. Nc3 Rh3+ 46. Kd2 Rxh5 47. Na4 1/2-1/2

[Event "Belgrade Trophy 32nd"]
[Site "Belgrade"]
[Date "2018.11.24"]
[Round "1"]
[White "Kostic, V Vladimir"]
[Black "Pavlasevic, Dragisa"]
[Result "1/2-1/2"]
[WhiteElo "2266"]
[BlackElo "1869"]
[PlyCount "97"]
[EventDate "2018.11.24"]
[EventType "swiss"]
[EventRounds "9"]
[EventCountry "SRB"]
[SourceTitle "CBM 187 Extra"]
[Source "ChessBase"]
[SourceDate "2018.11.04"]
[SourceVersion "1"]
[SourceVersionDate "2018.11.04"]
[SourceQuality "1"]

1. c4 e6 2. g3 f5 3. Bg2 Nf6 4. Nc3 Be7 5. d3 d6 6. e4 fxe4 7. dxe4 e5 8. Nge2 0-0 9. 0-0 Be6 10. b3 Qd7 11. f4 Bh3 12. f5 Bxg2 13. Kxg2 Na6 14. Be3 c6 15. Bg5 Nd5 16. Qd2 Bxg5 17. Qxg5 Nf6 18. Rad1 Nc7 19. g4 Rad8 20. Ng3 Qf7 21. Nh5 Nxh5 22. Qxh5 Qxh5 23. gxh5 Rf6 24. Ne2 d5 25. cxd5 cxd5 26. Rc1 Rd7 27. Rfd1 d4 28. Rc5 Rc6 29. Rxe5 Rc2 30. Kf3 d3 31. Nf4 d2 32. a4 Rc3+ 33. Ke2 Rxb3 34. Rxd2 Rxd2+ 35. Kxd2 Kf7 36. Rc5 Ne8 37. Nd3 g6 38. hxg6+ hxg6 39. Ne5+ Kf6 40. Nxg6 Rb4 41. Kd3 Rxa4 42. Rc8 Rxe4 43. h4 Re1 44. Nf4 Kxf5 45. Ne2 Nf6 46. Nd4+ Kg4 47. Rf8 Rf1 48. Rf7 Kxh4 49. Rxb7 1/2-1/2

[Event "SRB-ch sf"]
[Site "Zrenjanin"]
[Date "2018.02.20"]
[Round "7"]
[White "Parkajic, Branislav"]
[Black "Pavlasevic, Dragisa"]
[Result "1/2-1/2"]
[WhiteElo "1808"]
[BlackElo "1862"]
[PlyCount "117"]
[EventDate "2018.02.16"]
[EventType "swiss"]
[EventRounds "9"]
[EventCountry "SRB"]
[SourceTitle "CBM 183 Extra"]
[Source "ChessBase"]
[SourceDate "2018.04.19"]
[SourceVersion "1"]
[SourceVersionDate "2018.04.19"]
[SourceQuality "1"]

1. e4 c5 2. Nf3 Nf6 3. e5 Nd5 4. Nc3 e6 5. Nxd5 exd5 6. d4 d6 7. Be2 Nc6 8. exd6 cxd4 9. Nxd4 Bxd6 10. Be3 0-0 11. Qd2 Re8 12. 0-0 Nxd4 13. Qxd4 Re4 14. Qd1 d4 15. Bd2 Rh4 16. g3 Re4 17. Bf3 Re7 18. Re1 Bf5 19. c3 dxc3 20. Bxc3 Rc8 21. Qd4 Rxe1+ 22. Rxe1 Qf8 23. Qxa7 b5 24. a3 b4 25. axb4 Bxb4 26. Qd4 Bc5 27. Qe5 Be6 28. Kg2 Re8 29. Qf4 Bb6 30. Rd1 Qc5 31. Qd4 f6 32. Qxc5 Bxc5 33. b4 Bb6 34. Bd5 Kf7 35. Bc6 Rc8 36. b5 Bf5 37. Bb4 g5 38. Re1 Be6 39. Rd1 Bf5 40. f3 h5 41. Be1 g4 42. Rd5 Ke6 43. Rxf5 Rxc6 44. Rxf6+ Kxf6 45. bxc6 Ke6 46. h3 Kd5 47. fxg4 hxg4 48. h4 Kxc6 49. Bc3 Kd5 50. h5 Be3 51. Bg7 Ke6 52. Kf1 Kf7 53. Be5 Ke6 54. Bc3 Bh6 55. Ke2 Kf5 56. Bd2 Bxd2 57. Kxd2 Kg5 58. Ke3 Kxh5 59. Kf4 1/2-1/2

[Event "SRB-ch sf"]
[Site "Zrenjanin"]
[Date "2018.02.17"]
[Round "3"]
[White "Pavlasevic, Dragisa"]
[Black "Omorjan, Dejan"]
[Result "0-1"]
[WhiteElo "1862"]
[BlackElo "2233"]
[PlyCount "60"]
[EventDate "2018.02.16"]
[EventType "swiss"]
[EventRounds "9"]
[EventCountry "SRB"]
[SourceTitle "CBM 183 Extra"]
[Source "ChessBase"]
[SourceDate "2018.04.19"]
[SourceVersion "1"]
[SourceVersionDate "2018.04.19"]
[SourceQuality "1"]

1. e4 c5 2. Nf3 d6 3. d4 cxd4 4. Nxd4 Nf6 5. Nc3 a6 6. Bc4 e6 7. 0-0 Be7 8. Bb3 0-0 9. f4 Nc6 10. Be3 Qc7 11. f5 Kh8 12. g4 d5 13. g5 Nxe4 14. Nxe4 Qe5 15. Nxc6 bxc6 16. Bc5 Bxc5+ 17. Nxc5 Qe3+ 18. Kh1 Qxc5 19. f6 g6 20. Qd2 Qd6 21. h4 c5 22. h5 Bb7 23. Qg2 gxh5 24. Qh3 c4 25. Ba4 d4+ 26. Kg1 Rg8 27. Rf2 Rxg5+ 28. Kf1 Rag8 29. Ke2 Qe5+ 30. Kd2 Rg3 0-1

[Event "SRB-ch sf"]
[Site "Zrenjanin"]
[Date "2018.02.16"]
[Round "1"]
[White "Pavlasevic, Dragisa"]
[Black "Ilic, Zoran S"]
[Result "1/2-1/2"]
[WhiteElo "1862"]
[BlackElo "2313"]
[PlyCount "90"]
[EventDate "2018.02.16"]
[EventType "swiss"]
[EventRounds "9"]
[EventCountry "SRB"]
[SourceTitle "CBM 183 Extra"]
[Source "ChessBase"]
[SourceDate "2018.04.19"]
[SourceVersion "1"]
[SourceVersionDate "2018.04.19"]
[SourceQuality "1"]

1. e4 c5 2. Nf3 e6 3. d4 cxd4 4. Nxd4 a6 5. g3 Nf6 6. Bg2 d6 7. 0-0 Be7 8. Re1 Qc7 9. Nc3 0-0 10. Qe2 Rd8 11. a4 Nbd7 12. Kh1 Rb8 13. g4 Nb6 14. g5 Nfd7 15. f4 Bf8 16. f5 Ne5 17. Bh3 Re8 18. fxe6 fxe6 19. Bf4 Nbc4 20. b3 Na5 21. Nd1 Nac6 22. Bxe5 Nxe5 23. Ne3 Bd7 24. Rf1 Qd8 25. Rf2 Qxg5 26. Rg1 Qh4 27. Bg2 Be7 28. Bf3 Rf8 29. Rfg2 g6 30. Bg4 Nxg4 31. Nxg4 e5 32. Nf3 Qh5 33. Nfxe5 Be8 34. Nf6+ Bxf6 35. Qxh5 Bxe5 36. Qe2 Bc6 37. Rf1 Rxf1+ 38. Qxf1 Bxe4 39. Qc4+ d5 40. Qd3 Rf8 41. Kg1 Bxg2 42. Kxg2 Rf4 43. h3 Kg7 44. c4 a5 45. Qe3 Rd4 1/2-1/2

[Event "SRB-chT Cup"]
[Site "Kragujevac"]
[Date "2017.04.29"]
[Round "1.5"]
[White "Pavlasevic, Dragisa"]
[Black "Radovic, Predrag"]
[Result "0-1"]
[WhiteElo "1832"]
[BlackElo "2026"]
[PlyCount "96"]
[EventDate "2017.04.29"]
[EventType "team-swiss"]
[EventRounds "6"]
[EventCountry "SRB"]
[SourceTitle "EXT 2018"]
[Source "ChessBase"]
[SourceDate "2017.10.13"]
[SourceVersion "1"]
[SourceVersionDate "2017.10.13"]
[SourceQuality "1"]
[WhiteTeam "Knic"]
[BlackTeam "Velika Plana"]
[WhiteTeamCountry "SRB"]
[BlackTeamCountry "SRB"]

1. e4 c5 2. Nf3 Nc6 3. d4 cxd4 4. Nxd4 Nf6 5. Nc3 Qb6 6. Nb3 d6 7. Be3 Qc7 8. f3 e6 9. Qd2 a6 10. 0-0-0 Be7 11. g4 Ne5 12. Be2 Nc4 13. Bxc4 Qxc4 14. e5 dxe5 15. g5 Nd5 16. Nxd5 exd5 17. Qxd5 Qxd5 18. Rxd5 f6 19. gxf6 gxf6 20. Rg1 Be6 21. Rd2 Rg8 22. Nc5 Rxg1+ 23. Bxg1 Bc8 24. Rg2 Kf7 25. Be3 b5 26. Ne4 Bf5 27. Rd2 Rc8 28. c3 Bxe4 29. fxe4 Rc4 30. Rd7 Ke6 31. Ra7 Rxe4 32. Rxa6+ Kf5 33. Kd2 Rh4 34. b4 Rxh2+ 35. Kd3 h5 36. a4 bxa4 37. Rxa4 Rb2 38. Bc1 e4+ 39. Ke3 Rc2 40. Bd2 Bd6 41. Ra5+ Kg6 42. Be1 Bf4+ 43. Kd4 Re2 44. Ra1 h4 45. b5 h3 46. c4 h2 47. Bc3 Be3+ 48. Kd5 Bg1 0-1

[Event "SRB-ch sf"]
[Site "Belgrade"]
[Date "2016.03.28"]
[Round "8"]
[White "Pavlasevic, Dragisa"]
[Black "Jevtic, Miroljub L"]
[Result "0-1"]
[WhiteElo "1829"]
[BlackElo "2070"]
[PlyCount "84"]
[EventDate "2016.03.21"]
[EventType "swiss"]
[EventRounds "9"]
[EventCountry "SRB"]
[SourceTitle "CBM 171 Extra"]
[Source "ChessBase"]
[SourceDate "2016.04.26"]
[SourceVersion "1"]
[SourceVersionDate "2016.04.26"]
[SourceQuality "1"]

1. e4 e5 2. Nf3 Nc6 3. Bc4 Bc5 4. 0-0 d6 5. h3 Nf6 6. d3 h6 7. c3 Bb6 8. Bb3 g5 9. Nh2 Rg8 10. Be3 h5 11. Bxb6 axb6 12. f3 Bd7 13. d4 Qc8 14. dxe5 dxe5 15. Ng4 hxg4 16. fxg4 Rg6 17. Nd2 Be6 18. Nf3 Bxb3 19. Qxb3 Qe6 20. Qxe6+ fxe6 21. Nxg5 Ke7 22. Nf3 Ra4 23. b4 Ra3 24. b5 Na5 25. Nxe5 Rg5 26. Nf3 Rg7 27. Nd2 Rxc3 28. Rf3 Rc2 29. Rd3 Nc4 30. Nf3 Nxe4 31. Re1 Nc5 32. Rd4 Nd6 33. Rd5 Nxb5 34. Nh4 Nd6 35. Rde5 Kd7 36. R1e2 Rxe2 37. Rxe2 Nce4 38. Nf3 c5 39. Ne5+ Ke7 40. a4 Nc3 41. Re3 Nxa4 42. Ra3 b5 0-1

[Event "SRB-ch sf"]
[Site "Belgrade"]
[Date "2016.03.27"]
[Round "7"]
[White "Aleksic, Neven"]
[Black "Pavlasevic, Dragisa"]
[Result "1-0"]
[WhiteElo "2118"]
[BlackElo "1829"]
[PlyCount "119"]
[EventDate "2016.03.21"]
[EventType "swiss"]
[EventRounds "9"]
[EventCountry "SRB"]
[SourceTitle "CBM 171 Extra"]
[Source "ChessBase"]
[SourceDate "2016.04.26"]
[SourceVersion "1"]
[SourceVersionDate "2016.04.26"]
[SourceQuality "1"]

1. d4 f5 2. Nc3 Nf6 3. Bg5 d5 4. Bxf6 exf6 5. e3 Be6 6. Bd3 Nc6 7. a3 Qd7 8. Qf3 0-0-0 9. 0-0-0 Kb8 10. h3 h5 11. Nge2 Bd6 12. Nf4 Bxf4 13. Qxf4 g5 14. Qf3 Ne7 15. Kb1 Rdf8 16. Rc1 g4 17. hxg4 fxg4 18. Qg3 f5 19. Ne2 Ng6 20. Nf4 h4 21. Qh2 Ne7 22. c4 dxc4 23. Bxc4 Bxc4 24. Rxc4 Rf6 25. Nd3 Nc6 26. Rhc1 Qd5 27. Nf4 Qe4+ 28. Ka2 g3 29. fxg3 Na5 30. R4c3 Rc6 31. gxh4 Rhh6 32. Qg3 b5 33. Qg8+ Kb7 34. Qd5 Qxd5+ 35. Nxd5 Rxc3 36. Rxc3 c6 37. Ne7 Rxh4 38. Nxf5 Rg4 39. g3 Nc4 40. b3 Nd2 41. Rc2 Ne4 42. Rg2 Kc7 43. Kb2 Kd7 44. Kc2 Ke6 45. Nh4 Rxg3 46. Rxg3 Nxg3 47. Kd3 Kd6 48. e4 c5 49. Nf5+ Nxf5 50. exf5 a5 51. dxc5+ Kxc5 52. f6 Kd6 53. f7 Ke7 54. Kd4 Kxf7 55. Kc5 b4 56. axb4 axb4 57. Kxb4 Ke6 58. Kb5 Kd7 59. Kb6 Kd6 60. b4 1-0

[Event "Paracin-ch"]
[Site "Paracin"]
[Date "2013.01.11"]
[Round "1"]
[White "Zlatanovic, Boroljub"]
[Black "Pavlasevic, Dragisa"]
[Result "1-0"]
[WhiteElo "2414"]
[BlackElo "1700"]
[PlyCount "61"]
[EventDate "2013.01.11"]
[EventType "swiss"]
[EventRounds "9"]
[EventCountry "SRB"]
[SourceTitle "EXT 2019"]
[Source "ChessBase"]
[SourceDate "2018.10.10"]
[SourceVersion "1"]
[SourceVersionDate "2018.10.10"]
[SourceQuality "1"]

1. e4 Nf6 2. e5 Nd5 3. d4 d6 4. c4 Nb6 5. exd6 cxd6 6. Nc3 Nc6 7. Be3 d5 8. c5 Nc4 9. Bxc4 dxc4 10. Qa4 Qa5 11. Qxc4 Nb4 12. 0-0-0 Bf5 13. a3 Nc6 14. Nf3 e6 15. Nh4 Bg6 16. Nxg6 hxg6 17. d5 exd5 18. Qxd5 Rd8 19. Qe4+ Be7 20. Rxd8+ Qxd8 21. Rd1 Qc8 22. Bg5 Qf5 23. Qxf5 gxf5 24. Bxe7 Kxe7 25. h3 Rh4 26. f4 Na5 27. Kc2 Rh6 28. Nd5+ Ke6 29. Ne3 g6 30. Rd6+ Ke7 31. Nxf5+ 1-0